| 000 | 00498nam a2200181Ia 4500 | ||
|---|---|---|---|
| 001 | 18292 | ||
| 005 | 20260306171620.0 | ||
| 008 | 260306s9999||||xx |||||||||||||| ||und|| | ||
| 041 | _aESP | ||
| 082 |
_a658.402 _bP39 |
||
| 100 |
_aPellerin, Charles J. _eAUT |
||
| 245 | 0 |
_aHow nasa builds teams: _bmission critical soft skills for scientists, enginners, and project teams |
|
| 260 | _c2009 | ||
| 300 |
_a261 páginas : _c23.5 cm |
||
| 650 | _aGEN | ||
| 654 | _aCAN | ||
| 942 |
_cLIB _dJUS _fJUS _2ddc _n |
||
| 999 |
_c18292 _d18292 |
||